000 00899nam a2200265Ia 4500
003 IN-BaIIA
008 211028s9999 xx s 000 0 eng d
020 _a978-3-540-49483-6 (Online)
020 _a978-3-540-65209-0 (Print)
022 _a0075-8450 (Print)
022 _a1616-6361 (Online)
040 _cIIA Library
100 _aCleymans, Jean, ed.
_939879
245 0 _aHadrons in Dense Matter and Hadrosynthesis
_h[eBook]
260 _aHeidelberg, Berlin
_bSpringer Berlin Heidelberg
_c1999
300 _aOnline resource
490 _aLecture Notes in Physics
650 _a Astronomy, Astrophysics and Cosmology
_936176
650 _a Particle and Nuclear Physics
_936177
650 _aPhysics
_973
700 _aGeyer, Hendrik B., ed.
_939880
700 _aScholtz, Frederik G., ed.
_939881
856 _uhttp://doi.org/10.1007/BFb0107308
_yClick Here to Access eBook
942 _cEB
999 _c21575
_d21575